A history of psychology : (Record no. 10246)

MARC details
000 -LEADER
fixed length control field 00783 a2200229 4500
010 ## - LIBRARY OF CONGRESS CONTROL NUMBER
LC control number ENG-89204
020 ## - INTERNATIONAL STANDARD BOOK NUMBER
International Standard Book Number 9788120333635
Terms of availability 375.00
035 ## - SYSTEM CONTROL NUMBER
System control number EN-72737
037 ## - SOURCE OF ACQUISITION
Source of stock number/acquisition DBAD / PUB
082 14 - DEWEY DECIMAL CLASSIFICATION NUMBER
Classification number 150.9
090 ## - LOCALLY ASSIGNED LC-TYPE CALL NUMBER (OCLC); LOCAL CALL NUMBER (OCLC)
-- 10520
-- 10520
100 1# - MAIN ENTRY--PERSONAL NAME
Personal name Lawson, Robert B.
245 1# - TITLE STATEMENT
Title A history of psychology :
Remainder of title globalization, ideas, and applications /
Statement of responsibility, etc by Robert b. Lawson, Jean E. Graham, Kristin M. Baker
260 ## - PUBLICATION, DISTRIBUTION, ETC. (IMPRINT)
Place of publication, distribution, etc New Delhi
Name of publisher, distributor, etc Prentice-Hall of India
Date of publication, distribution, etc 2008
300 ## - PHYSICAL DESCRIPTION
Extent xxx, 498 p. :
Other physical details ill.
Dimensions 25 cm (pbk)
500 ## - GENERAL NOTE
General note Includes index
650 #0 - SUBJECT ADDED ENTRY--TOPICAL TERM
Topical term or geographic name as entry element Psychology
General subdivision History
700 1# - ADDED ENTRY--PERSONAL NAME
Personal name Graham, Jean E.
700 1# - ADDED ENTRY--PERSONAL NAME
Personal name Baker, Kristin M.
942 ## - ADDED ENTRY ELEMENTS (KOHA)
Institution code [OBSOLETE] dpl
Koha item type English Books
Call number prefix 150.9 / LAW
Holdings
Withdrawn status Lost status Source of classification or shelving scheme Damaged status Not for loan Collection code Home library Current library Source of acquisition Cost, normal purchase price Total Checkouts Full call number Barcode Date last seen Copy number Uniform Resource Identifier Cost, replacement price Price effective from Koha item type
    Dewey Decimal Classification   Not For Loan Non-fiction D.B.Act.Division D.B.Act.Division DBAD/PUB 375.00   150.9 LAW EN-72737 15/09/2008 1 11277 375.00 15/09/2008 English Books

© Delhi Public Library
Hit Counter
free hit counter